Manuel de magie égyptienne : la papyrus magique de Paris.

محفوظ في:

مؤلفون آخرون: Verse, Alain

التنسيق: كتاب

اللغة: French

منشور في: Paris : Les Belles Lettres, 2007.

الطبعة: 2etirage.

سلاسل: Collection Aux sources de la tradition.

الموضوعات:

الوسوم: إضافة وسم

لا توجد وسوم, كن أول من يضع وسما على هذه التسجيلة!

رقم الطلب: BF1591 .M374 2007

LEADER 00876namaa2200277 4500
003 OSt
005 20250917080835.0
008 130303s2007 fr b 000 0 fre d
020 |a 9782251470061 
040 |c ARCE Library 
043 |a f-ua--- 
050 4 |a BF1591 .M374 2007 
245 0 0 |a Manuel de magie égyptienne :  |b la papyrus magique de Paris. 
250 |a 2etirage. 
264 1 |a Paris :  |b Les Belles Lettres,  |c 2007. 
300 |a 165 pages ;  |c 23 cm. 
490 0 |a Collection Aux sources de la tradition. 
504 |a Includes bibliographical references (pages [161]-162). 
650 0 |a Magic, Egyptian  |x Handbooks, manuals etc. 
650 0 |a Magic, Egyptian  |x History. 
650 0 |a Manuscripts, Greek (Papyri)   |z France. 
651 0 |a Egypt  |x Religion  |x Rituals  |x Sources. 
700 1 |a Verse, Alain,  |9 41650 
901 |a reviewed 
942 |c BK  |2 lcc 
999 |c 8709  |d 8709